000 00325nam a2200133Ia 4500
008 240624s9999 xx 000 0 und d
041 _aeng
082 _a658.421 GRE
100 _aGREENE CYNTHIA L
245 _aENTREPRENEURSHIP
260 _c2006
_aNew Delhi
_bCengage Learning
300 _a281p. ; 23cm.
365 _cRS
_b36
999 _c13814
_d13814